01124cam a22002891 4500001001300000003000400013005001700017008004100034010001700075035001800092040005300110042001200163043001200175050002200187082001100209110002900220245015600249260007100405300008100476490005000557504002900607650006200636650004200698740002900740830004800769999001700817gs 58000013 DLC20260227111406.0731219s1957 utuab b 001 0 eng c ags 58000013  a(OCoLC)764491 aU.S. Geol. Survey. Libr.cOAUdWaChenEdDLCdWaU apremarc an-us-ut00aQE169b.U7 no. 12 a557.962 aUtah Geological Society.10aGeology of the East Tintic Mountains and ore deposits of the Tintic mining districts.cContributors: John B. Bush [and others] Editor: Douglas R. Cook. a[Salt Lake City]bUtah Geological and Mineralogical Survey,c1957. aviii, 183 p.billus., maps (part fold., 1 col., 4 in pocket) diagrs.c23 cm.1 aIts Guidebook to the geology of Utah,vno. 12 aIncludes bibliographies. 0aMines and mineral resourceszUtahzEast Tintic Mountains. 0aGeologyzUtahzEast Tintic Mountains.0 aTintic mining districts. 0aGuidebook to the geology of Utah ;vno. 12. c29198d29198